000 01335nam a22003137a 4500
001 BD-DhSAU 8694
003 BD-DhSAU
005 20181213111832.0
008 150612b2006 bg a|||| m||| 00| 0 eng d
040 _aBD-DhSAU
082 _222
_a595.7
_bJ111
100 _aJabbar, Md Abdul
_eRegistration no. # 25262/00370
245 _aStudies on the pest status and seasonal abundance of different insect pests in brinlal at Gazipur /
_bMS thesis
_c Md Abdul Jabbar
260 _aSher-e-Bangla Agricultural Uniersity :
_bDepartment of Entomology,
_c2006.
300 _aviii, 81 p. :
_bill. ;
_c30 cm.
500 _aMS thesis of Department of Entomology, Faculty of Agriculture, Sher-e-Bangla Agricultural University, Dhaka, Bangladesh
504 _aIncludes bibliographical reference.
590 _aerfat
650 _aEntomology
650 _aStudies on the pest status
650 _aSeasonal abundance of different insect pests
650 _aBrinlal
_zGazipur
650 _aHelicoverpa armigera (Hubner)
650 _aMajor insect pests
700 _aBhuiyan, Md Serajul Islam
_eSuperviser
700 _aAlam, Syed Nurul
_eCo-superviser
856 _uhttp://archive.saulibrary.edu.bd:8080/xmlui/handle/123456789/1179
942 _2ddc
_cTHESIS
999 _c8694
_d8694